• 首页
  • 本馆介绍
  • 公告通知
  • 最新文献
  • 馆藏检索
  • 电子资源
  • 读者导购
  • 参考咨询
  • 我的图书馆
  • 登录
  • 详细信息显示
  • 放入我的书架
  • 预约/预借图书
  • 作者相关作品
  • 分类相关作品
  • 丛书相关作品
  • 出版社相关作品

书目信息

  • 表格格式
  • 工作单格式
  • 卡片格式
题名:
给教师的一百条建议
    
 
作者: 苏霍姆林斯基 著 ;周蕖 译
分册:  
出版信息: 天津   天津人民出版社  1981
页数: 270页
开本: 21cm
丛书名:
单 册:
中图分类: G551.2
科图分类:
主题词: 教育事业--苏联
电子资源:
ISBN:
000 00716nam0 2200241 45
001 0181007144
005 20050406113521.3
010    @dCNY0.76
091    @a7072.1231
100    @a19950428d1981 em y0chiy0121 ea
101 1  @achi@crus
102    @aCN@b120000
105    @ay z 000yy
200 10 @a给教师的一百条建议@Agei jiao shi de yi bai tiao jian yi@f(苏)В·А·苏霍姆林斯基著@F(Su)В·А·Su Huo Mu Lin Si Ji Zhu@g周蕖等译
210    @a天津@c天津人民出版社@d1981
215    @a270页@d21cm
606 0  @a教育事业@y苏联
690    @aG551.2@v3
701  0 @a苏霍姆林斯基@4著
702  0 @a周蕖@AZhou Qu@4译
801  0 @aCN@b上海图书馆@c20040425
801  2 @aCN@bNLC@c20040425
905    @dG551.2@e4@f1@b69423
    
    给教师的一百条建议/(苏)В·А·苏霍姆林斯基著/周蕖等译.-天津:天津人民出版社,1981
    270页;21cm
    
    
    ISBN :CNY0.76
    
●
相关链接 在E读中查询图书 在五车中查询图书 在当当中查询图书 在豆瓣中查询图书


正题名:给教师的一百条建议     索取号:G551.2/4         预约/预借

序号 登录号 条形码 馆藏地/架位号 状态 备注
1 0069422   001873155   密集书库/ [索取号:G551.2/4] 在馆    
2 0069423   001991349   第四借阅区/ [索取号:G551.2/4] 在馆    
3 0069424   001873173   密集书库/ [索取号:G551.2/4] 在馆    
4 0069425   000464232   密集书库/ [索取号:G551.2/4] 在馆    
5 0069426   000461556   第一样本阅览室/ [索取号:G551.2/4] 在馆    
6 0105861   000461477   密集书库/ [索取号:G551.2/4] 在馆    
7 0105862   001873164   密集书库/ [索取号:G551.2/4] 在馆    
8 0105863   000464189   密集书库/ [索取号:G551.2/4] 在馆    
9 0175282   000464198   密集书库/ [索取号:G551.2/4] 在馆    
10 0175283   000464161   第四借阅区/ [索取号:G551.2/4] 在馆    
11 0175284   001873146   密集书库/ [索取号:G551.2/4] 在馆    
唐山师范学院图书馆 欢迎您!
大连网信软件有限公司© 版权所有